Countries That Produce the Most Minerals #1 - Statistics

General Stats
  • This quiz has been taken 101 times
  • The average score is 30 of 36
Answer Stats
Mineral Answer % Correct
Bismuth China
99%
Coal China
99%
Gold China
99%
Lithium China
99%
Mercury China
99%
Titanium China
99%
Zinc China
99%
Petroleum United States
99%
Diamonds Russia
91%
Gold Russia
91%
Petroleum Russia
91%
Platinum Russia
91%
Titanium Russia
91%
Chromium South Africa
91%
Iridium South Africa
91%
Platinum South Africa
91%
Diamonds Canada
89%
Iridium Canada
89%
Coal India
86%
Bismuth Mexico
86%
Mercury Mexico
86%
Gold Australia
84%
Lithium Australia
84%
Zinc Australia
84%
Chromium Kazakhstan
76%
Coal Indonesia
75%
Lithium Chile
74%
Titanium Japan
74%
Petroleum Saudi Arabia
74%
Zinc Peru
68%
Diamonds Botswana
67%
Chromium Turkey
67%
Iridium Zimbabwe
56%
Platinum Zimbabwe
56%
Bismuth Vietnam
52%
Mercury Tajikistan
16%
No matching quizzes found
Score Distribution
Percent of People with Each Score
Percentile by Number Answered
Your Score History
You have not taken this quiz